[Event "Revisit London 1883"]
[Site "SchemingMind.com"]
[Date "2005.05.21"]
[Round "-"]
[White "Austin Lockwood"]
[Black "nasmichael"]
[Result "1-0"]
[WhiteCountry "ENG"]
[BlackCountry "USA"]
[WhiteElo "1634"]
[WhiteRD "76"]
[BlackElo "1466"]
[BlackRD "120"]
[GameID "15973"]

1. c4 e6 2. e3 Nf6 3. Nf3 b6 4. Be2 Bb7 5. O-O d5 6. d4 Bd6 7. Nc3 O-O 8. b3 Nbd7 9. Bb2 Qe7 10. Nb5 c6
11. Nxd6 Qxd6 12. cxd5 cxd5 13. Ne5 Qe7 14. Nxd7 Nxd7 15. a4 Rac8 16. Ba3 Nc5 17. Rc1 Qd8 18. dxc5 bxc5 19. Bxc5 Re8 20. Bxa7
1-0

[Event "Revisit London 1883"]
[Site "SchemingMind.com"]
[Date "2005.05.21"]
[Round "-"]
[White "nasmichael"]
[Black "Austin Lockwood"]
[Result "0-1"]
[WhiteCountry "USA"]
[BlackCountry "ENG"]
[WhiteElo "1466"]
[WhiteRD "120"]
[BlackElo "1634"]
[BlackRD "76"]
[GameID "15974"]

1. c4 e6 2. e3 Nf6 3. Nf3 b6 4. Be2 Bb7 5. O-O d5 6. d4 Bd6 7. Nc3 O-O 8. b3 Nbd7 9. Bb2 Qe7 10. Qc2 dxc4
11. Bxc4 c5 12. e4 cxd4 13. Nxd4 Bxh2+ 14. Kxh2 Qd6+ 15. g3 Qxd4 16. Nd5 Qxe4 17. Qxe4 Nxe4 18. Rfe1 Ng5 19. Nf4 Nf3+
0-1

[Event "Revisit London 1883"]
[Site "SchemingMind.com"]
[Date "2005.05.21"]
[Round "-"]
[White "lame wolf"]
[Black "Austin Lockwood"]
[Result "0-1"]
[WhiteCountry "INT"]
[BlackCountry "ENG"]
[WhiteElo "1046"]
[WhiteRD "69"]
[BlackElo "1646"]
[BlackRD "78"]
[GameID "16033"]

1. c4 e6 2. e3 Nf6 3. Nf3 b6 4. Be2 Bb7 5. O-O d5 6. d4 Bd6 7. Nc3 O-O 8. b3 Nbd7 9. Bb2 Qe7 10. Ne5 dxc4
11. Nxc4 Nd5 12. Bf3 Nxc3 13. Bxc3 Bxf3 14. Qd3 Bxh2+ 15. Kh1 Qh4 16. gxf3 Bd6+
0-1

[Event "Revisit London 1883"]
[Site "SchemingMind.com"]
[Date "2005.05.21"]
[Round "-"]
[White "lame wolf"]
[Black "nasmichael"]
[Result "0-1"]
[WhiteCountry "INT"]
[BlackCountry "USA"]
[WhiteElo "1028"]
[WhiteRD "73"]
[BlackElo "1466"]
[BlackRD "120"]
[GameID "16034"]

1. c4 e6 2. e3 Nf6 3. Nf3 b6 4. Be2 Bb7 5. O-O d5 6. d4 Bd6 7. Nc3 O-O 8. b3 Nbd7 9. Bb2 Qe7 10. Ne5 Nxe5
11. c5 bxc5 12. dxe5 Bxe5 13. a4 a6 14. Bf3 Rad8 15. Rc1 c6
0-1

[Event "Revisit London 1883"]
[Site "SchemingMind.com"]
[Date "2005.05.21"]
[Round "-"]
[White "Austin Lockwood"]
[Black "lame wolf"]
[Result "1-0"]
[WhiteCountry "ENG"]
[BlackCountry "INT"]
[WhiteElo "1634"]
[WhiteRD "76"]
[BlackElo "1028"]
[BlackRD "73"]
[GameID "16035"]

1. c4 e6 2. e3 Nf6 3. Nf3 b6 4. Be2 Bb7 5. O-O d5 6. d4 Bd6 7. Nc3 O-O 8. b3 Nbd7 9. Bb2 Qe7 10. cxd5 c5
11. dxc5 Nxc5 12. dxe6 Qxe6 13. Nb5 Rfd8 14. Nfd4 Qd5 15. Bf3 Qe5 16. Nxd6 Qxd6 17. Bxb7 Nxb7 18. Nf5 Qxd1 19. Rfxd1 Rxd1+ 20. Rxd1
1-0

[Event "Revisit London 1883"]
[Site "SchemingMind.com"]
[Date "2005.05.22"]
[Round "-"]
[White "nasmichael"]
[Black "lame wolf"]
[Result "1-0"]
[WhiteCountry "USA"]
[BlackCountry "INT"]
[WhiteElo "1466"]
[WhiteRD "120"]
[BlackElo "1028"]
[BlackRD "73"]
[GameID "16036"]

1. c4 e6 2. e3 Nf6 3. Nf3 b6 4. Be2 Bb7 5. O-O d5 6. d4 Bd6 7. Nc3 O-O 8. b3 Nbd7 9. Bb2 Qe7 10. Qc2 e5
11. cxd5 Nxd5 12. e4 Nf4 13. Ne1 Nxe2+ 14. Nxe2 Nf6 15. f3 exd4 16. Nxd4
1-0

[Event "Revisit London 1883"]
[Site "SchemingMind.com"]
[Date "2005.05.21"]
[Round "-"]
[White "loco61"]
[Black "Austin Lockwood"]
[Result "0-1"]
[WhiteCountry "ENG"]
[BlackCountry "ENG"]
[WhiteElo "1489"]
[WhiteRD "73"]
[BlackElo "1630"]
[BlackRD "77"]
[GameID "16037"]

1. c4 e6 2. e3 Nf6 3. Nf3 b6 4. Be2 Bb7 5. O-O d5 6. d4 Bd6 7. Nc3 O-O 8. b3 Nbd7 9. Bb2 Qe7 10. Qc2 dxc4
11. bxc4 a5 12. e4 e5 13. d5 Nh5 14. g3 c6 15. a4 Nc5 16. Rab1 Rfd8 17. Nh4 Nf4 18. Nf5 Nxe2+ 19. Qxe2 Qc7 20. Qg4 f6
21. h4 cxd5 22. cxd5 Ba6 23. Rfd1 Nd3 24. Nb5 Bxb5 25. axb5 Nxb2 26. Rxb2 g6 27. Nxd6 Qxd6 28. h5 g5 29. f4 exf4 30. gxf4 Qxf4
31. Qxf4 gxf4 32. Rf2 Rdc8 33. Rxf4 Rc5 34. Rxf6 Rxb5 35. e5 a4 36. e6 a3 37. Ra1 Rxd5 38. e7 Re5 39. Rxb6 Rxe7 40. Ra2 Re5
41. h6 Kf7 42. Rf2+ Ke8 43. Rg2 Raa5 44. Rb7 Rg5 45. Rxh7 a2 46. Kh2 a1=Q 47. Rxg5 Rxg5
0-1

[Event "Revisit London 1883"]
[Site "SchemingMind.com"]
[Date "2005.05.21"]
[Round "-"]
[White "loco61"]
[Black "nasmichael"]
[Result "1-0"]
[WhiteCountry "ENG"]
[BlackCountry "USA"]
[WhiteElo "1481"]
[WhiteRD "70"]
[BlackElo "1299"]
[BlackRD "93"]
[GameID "16038"]

1. c4 e6 2. e3 Nf6 3. Nf3 b6 4. Be2 Bb7 5. O-O d5 6. d4 Bd6 7. Nc3 O-O 8. b3 Nbd7 9. Bb2 Qe7 10. Nb5 a6
11. Nxd6 cxd6 12. Rc1 Rac8 13. h3 b5 14. cxb5 axb5 15. Bxb5 Nb6 16. a4 Na8 17. a5 Ne4 18. b4 Nc7 19. Bd3 Ba6 20. Bxa6 Nxa6
21. Rxc8 Rxc8 22. b5 Nb4 23. Qb3
1-0

[Event "Revisit London 1883"]
[Site "SchemingMind.com"]
[Date "2005.05.21"]
[Round "-"]
[White "loco61"]
[Black "lame wolf"]
[Result "1-0"]
[WhiteCountry "ENG"]
[BlackCountry "INT"]
[WhiteElo "1536"]
[WhiteRD "68"]
[BlackElo "1046"]
[BlackRD "69"]
[GameID "16039"]

1. c4 e6 2. e3 Nf6 3. Nf3 b6 4. Be2 Bb7 5. O-O d5 6. d4 Bd6 7. Nc3 O-O 8. b3 Nbd7 9. Bb2 Qe7 10. Qc2 Ne4
11. Rac1 Nxc3 12. Bxc3 Bb4 13. Bxb4 Qxb4 14. cxd5 Rfe8 15. Qxc7 Rab8 16. Qxd7 exd5 17. Ne5 Bc8 18. Qxf7+
1-0

[Event "Revisit London 1883"]
[Site "SchemingMind.com"]
[Date "2005.05.21"]
[Round "-"]
[White "Austin Lockwood"]
[Black "loco61"]
[Result "1/2-1/2"]
[WhiteCountry "ENG"]
[BlackCountry "ENG"]
[WhiteElo "1630"]
[WhiteRD "77"]
[BlackElo "1489"]
[BlackRD "73"]
[GameID "16040"]

1. c4 e6 2. e3 Nf6 3. Nf3 b6 4. Be2 Bb7 5. O-O d5 6. d4 Bd6 7. Nc3 O-O 8. b3 Nbd7 9. Bb2 Qe7 10. cxd5 Nxd5
11. Nb5 a6 12. Nxd6 cxd6 13. Rc1 N7f6 14. Qc2 Rac8 15. Qb1 b5 16. a4 Rc7 17. axb5 axb5 18. Bxb5 h6 19. Rc4 Nb6 20. Rxc7 Qxc7
21. Rc1 Qb8 22. Nh4 Be4 23. Bd3 d5 24. f3 Bxd3 25. Qxd3 Nbd7 26. Ba3 Rc8 27. Rxc8+ Qxc8 28. g4 g5 29. Ng2 Qa8 30. Bd6 Qc6
31. Ba3 Qa8 32. b4 Kg7 33. b5 Nb6 34. Bc5 Qa1+ 35. Qf1 Qa5 36. Bxb6 Qxb6 37. h4 Kg6 38. Qb1+ Kg7 39. hxg5 hxg5 40. Qb4 Kg6
41. Qc5 Qxc5 42. dxc5 Nd7 43. c6 Nb6 44. c7 Kf6 45. Kf2 Ke7 46. f4 gxf4 47. Nxf4 Kd6 48. Kf3=
1/2-1/2

[Event "Revisit London 1883"]
[Site "SchemingMind.com"]
[Date "2005.05.22"]
[Round "-"]
[White "nasmichael"]
[Black "loco61"]
[Result "0-1"]
[WhiteCountry "USA"]
[BlackCountry "ENG"]
[WhiteElo "1299"]
[WhiteRD "93"]
[BlackElo "1481"]
[BlackRD "70"]
[GameID "16041"]

1. c4 e6 2. e3 Nf6 3. Nf3 b6 4. Be2 Bb7 5. O-O d5 6. d4 Bd6 7. Nc3 O-O 8. b3 Nbd7 9. Bb2 Qe7 10. Qc2 c5
11. dxc5 bxc5 12. cxd5 exd5 13. Nd1 Rab8 14. Bd3 g6 15. Ng5 Be5 16. f4 Bxb2 17. Qxb2 d4 18. exd4 Nh5 19. Re1 Qd6
0-1

[Event "Revisit London 1883"]
[Site "SchemingMind.com"]
[Date "2005.05.21"]
[Round "-"]
[White "lame wolf"]
[Black "loco61"]
[Result "0-1"]
[WhiteCountry "INT"]
[BlackCountry "ENG"]
[WhiteElo "1028"]
[WhiteRD "73"]
[BlackElo "1488"]
[BlackRD "68"]
[GameID "16042"]

1. c4 e6 2. e3 Nf6 3. Nf3 b6 4. Be2 Bb7 5. O-O d5 6. d4 Bd6 7. Nc3 O-O 8. b3 Nbd7 9. Bb2 Qe7 10. Ne5 Nxe5
11. dxe5 Bxe5 12. cxd5 Nxd5 13. e4 Nxc3 14. Bxc3 Bxc3 15. Rc1 Be5 16. g3 Bxe4 17. Bd3 Bxd3 18. Qxd3 Rfd8 19. Qb5 Rd5 20. Qa6 Ra5
0-1

[Event "Revisit London 1883"]
[Site "SchemingMind.com"]
[Date "2005.05.23"]
[Round "-"]
[White "capablanca"]
[Black "Austin Lockwood"]
[Result "1-0"]
[WhiteCountry "GER"]
[BlackCountry "ENG"]
[WhiteElo "1650"]
[WhiteRD "67"]
[BlackElo "1634"]
[BlackRD "76"]
[GameID "16169"]

1. c4 e6 2. e3 Nf6 3. Nf3 b6 4. Be2 Bb7 5. O-O d5 6. d4 Bd6 7. Nc3 O-O 8. b3 Nbd7 9. Bb2 Qe7 10. Nb5 dxc4
11. Bxc4 Ne4 12. Rc1 c6 13. Nxd6 Nxd6 14. Be2 c5 15. Qd2 Ne4 16. Qd3 cxd4 17. Qxd4 f6 18. Rc7 Bd5 19. Bb5 e5 20. Qxd5+ Kh8
21. Rxd7 Qc5 22. Qxc5 Nxc5 23. Re7 a6 24. Be2 Rad8 25. Ba3 e4 26. Nd4 Rfe8 27. Rxe8+ Rxe8 28. Rc1
1-0

[Event "Revisit London 1883"]
[Site "SchemingMind.com"]
[Date "2005.05.23"]
[Round "-"]
[White "capablanca"]
[Black "loco61"]
[Result "1-0"]
[WhiteCountry "GER"]
[BlackCountry "ENG"]
[WhiteElo "1650"]
[WhiteRD "67"]
[BlackElo "1488"]
[BlackRD "68"]
[GameID "16170"]

1. c4 e6 2. e3 Nf6 3. Nf3 b6 4. Be2 Bb7 5. O-O d5 6. d4 Bd6 7. Nc3 O-O 8. b3 Nbd7 9. Bb2 Qe7 10. Nb5 dxc4
11. Nxd6 cxd6 12. Bxc4 d5 13. Bd3 Rac8 14. Rc1 Rxc1 15. Qxc1 Rc8 16. Qb1 g6 17. Rc1 Rxc1+ 18. Qxc1 a5 19. Qc7 Ne8 20. Qxb7 Nd6
21. Qa8+ Kg7 22. Ba3 Nf6 23. Qb8 Nfe8 24. Qxb6 Nc8 25. Qxa5
1-0

[Event "Revisit London 1883"]
[Site "SchemingMind.com"]
[Date "2005.05.23"]
[Round "-"]
[White "capablanca"]
[Black "nasmichael"]
[Result "1-0"]
[WhiteCountry "GER"]
[BlackCountry "USA"]
[WhiteElo "1650"]
[WhiteRD "67"]
[BlackElo "1466"]
[BlackRD "120"]
[GameID "16171"]

1. c4 e6 2. e3 Nf6 3. Nf3 b6 4. Be2 Bb7 5. O-O d5 6. d4 Bd6 7. Nc3 O-O 8. b3 Nbd7 9. Bb2 Qe7 10. Nb5 c6
11. Nxd6 Qxd6 12. Qd2 c5 13. Rfd1 dxc4 14. Bxc4 Ne4 15. Qc2 Rad8 16. Rd3 Ndf6 17. Rad1 Qc6 18. Ne5 Ng5 19. Nxc6
1-0

[Event "Revisit London 1883"]
[Site "SchemingMind.com"]
[Date "2005.05.23"]
[Round "-"]
[White "capablanca"]
[Black "lame wolf"]
[Result "1-0"]
[WhiteCountry "GER"]
[BlackCountry "INT"]
[WhiteElo "1539"]
[WhiteRD "94"]
[BlackElo "1046"]
[BlackRD "69"]
[GameID "16172"]

1. c4 e6 2. e3 Nf6 3. Nf3 b6 4. Be2 Bb7 5. O-O d5 6. d4 Bd6 7. Nc3 O-O 8. b3 Nbd7 9. Bb2 Qe7 10. Nb5 Ne4
11. Nxd6 Qxd6 12. Rc1 a5 13. Bd3 c6 14. Bxe4 b5 15. c5 Qc7 16. Bd3 Ba6 17. Qc2 a4 18. Bxh7+ Kh8 19. Bd3 a3 20. Bxa3 f6
21. Be2 Qb7 22. Qg6 Kg8 23. Bd3 Nb8 24. Qh7+ Kf7 25. Bg6+ Ke7 26. Qxg7+ Kd8 27. Qxf8+ Kc7 28. Qd6+
1-0

[Event "Revisit London 1883"]
[Site "SchemingMind.com"]
[Date "2005.05.23"]
[Round "-"]
[White "Austin Lockwood"]
[Black "capablanca"]
[Result "0-1"]
[WhiteCountry "ENG"]
[BlackCountry "GER"]
[WhiteElo "1634"]
[WhiteRD "76"]
[BlackElo "1650"]
[BlackRD "67"]
[GameID "16173"]

1. c4 e6 2. e3 Nf6 3. Nf3 b6 4. Be2 Bb7 5. O-O d5 6. d4 Bd6 7. Nc3 O-O 8. b3 Nbd7 9. Bb2 Qe7 10. Nb5 Rfc8
11. Nxd6 cxd6 12. Rc1 dxc4 13. Bxc4 Rc7 14. a4 Rac8 15. Ng5 d5 16. Bd3 Rxc1 17. Bxc1 Nf8 18. Bb2 Ng6 19. e4 dxe4 20. Bc4 Bd5
21. Ba6 Rc7 22. f3 exf3 23. Nxf3 Qb4 24. Nd2 Nh4 25. Rf2 Qd6 26. Nc4 Qc6 27. Bb5 Qa8 28. Ne3 a6 29. Nxd5 Nxd5 30. Bd3 Ne3
31. Qe2 Nhxg2 32. Rf3 Qd5 33. Rxe3 Nxe3 34. Qxe3 g6 35. b4 Qb3 36. Qd2 Qxa4 37. Kg2 Qc6+ 38. Kg1 Qf3 39. Bxa6 Qg4+ 40. Qg2 Qxg2+
41. Kxg2 Rc2+
0-1

[Event "Revisit London 1883"]
[Site "SchemingMind.com"]
[Date "2005.05.23"]
[Round "-"]
[White "loco61"]
[Black "capablanca"]
[Result "1/2-1/2"]
[WhiteCountry "ENG"]
[BlackCountry "GER"]
[WhiteElo "1488"]
[WhiteRD "68"]
[BlackElo "1650"]
[BlackRD "67"]
[GameID "16174"]

1. c4 e6 2. e3 Nf6 3. Nf3 b6 4. Be2 Bb7 5. O-O d5 6. d4 Bd6 7. Nc3 O-O 8. b3 Nbd7 9. Bb2 Qe7 10. Rc1 Ba3
11. Qc2 Bxb2 12. Qxb2 dxc4 13. Bxc4 Bxf3 14. gxf3 Nh5 15. Ne4 Ndf6 16. Ng3 Nxg3 17. fxg3 c5 18. dxc5 Qxc5 19. Rfe1 Qe7=
1/2-1/2

[Event "Revisit London 1883"]
[Site "SchemingMind.com"]
[Date "2005.05.23"]
[Round "-"]
[White "nasmichael"]
[Black "capablanca"]
[Result "0-1"]
[WhiteCountry "USA"]
[BlackCountry "GER"]
[WhiteElo "1466"]
[WhiteRD "120"]
[BlackElo "1650"]
[BlackRD "67"]
[GameID "16175"]

1. c4 e6 2. e3 Nf6 3. Nf3 b6 4. Be2 Bb7 5. O-O d5 6. d4 Bd6 7. Nc3 O-O 8. b3 Nbd7 9. Bb2 Qe7 10. cxd5 Nxd5
11. Qc2 c5 12. Rae1 cxd4 13. Nxd4 Rac8 14. Qd3 Bb4 15. Qe4 Bxc3 16. Bd3 N7f6 17. Qh4 Bxb2 18. e4 Bxd4
0-1

[Event "Revisit London 1883"]
[Site "SchemingMind.com"]
[Date "2005.05.23"]
[Round "-"]
[White "lame wolf"]
[Black "capablanca"]
[Result "0-1"]
[WhiteCountry "INT"]
[BlackCountry "GER"]
[WhiteElo "1046"]
[WhiteRD "69"]
[BlackElo "1539"]
[BlackRD "94"]
[GameID "16176"]

1. c4 e6 2. e3 Nf6 3. Nf3 b6 4. Be2 Bb7 5. O-O d5 6. d4 Bd6 7. Nc3 O-O 8. b3 Nbd7 9. Bb2 Qe7 10. Nb5 c5
11. dxc5 Bxc5 12. Qc1 Rfc8 13. b4 Bxb4 14. a4 dxc4 15. Bxc4 Bd5 16. Ba3 Rxc4 17. Qb2 a6 18. Ne5 axb5 19. Nxd7 Nxd7 20. Bxb4 Qxb4
21. Qxb4 Rxb4 22. axb5 Rxa1 23. Rxa1 Rxb5 24. Ra4 Ra5
0-1

[Event "Revisit London 1883"]
[Site "SchemingMind.com"]
[Date "2005.05.24"]
[Round "-"]
[White "willygor"]
[Black "Austin Lockwood"]
[Result "0-1"]
[WhiteCountry "ARG"]
[BlackCountry "ENG"]
[WhiteElo "1577"]
[WhiteRD "70"]
[BlackElo "1634"]
[BlackRD "76"]
[GameID "16203"]

1. c4 e6 2. e3 Nf6 3. Nf3 b6 4. Be2 Bb7 5. O-O d5 6. d4 Bd6 7. Nc3 O-O 8. b3 Nbd7 9. Bb2 Qe7 10. Nb5 dxc4
11. Nxd6 cxd6 12. bxc4 Ne4 13. Rc1 Qf6 14. Ba1 Rfc8 15. d5 Qg6 16. Bd3 exd5 17. Nd4 dxc4 18. Bc2 Qg5 19. f4 Qg6 20. Qe2 Ba6
21. f5 Ng3 22. hxg3 Qg5 23. Bc3 Re8 24. Qf2 Qxe3 25. Rfe1 Qxc3 26. Rxe8+ Rxe8 27. f6 Qa3 28. Qf4 Nxf6 29. Nf5 Nh5 30. Qd2 Nxg3
31. Nxg7 Ne2+ 32. Kh2 Qg3+
0-1

[Event "Revisit London 1883"]
[Site "SchemingMind.com"]
[Date "2005.05.24"]
[Round "-"]
[White "willygor"]
[Black "loco61"]
[Result "1-0"]
[WhiteCountry "ARG"]
[BlackCountry "ENG"]
[WhiteElo "1577"]
[WhiteRD "70"]
[BlackElo "1488"]
[BlackRD "68"]
[GameID "16204"]

1. c4 e6 2. e3 Nf6 3. Nf3 b6 4. Be2 Bb7 5. O-O d5 6. d4 Bd6 7. Nc3 O-O 8. b3 Nbd7 9. Bb2 Qe7 10. Nb5 c6
11. Nxd6 Qxd6 12. a4 Rac8 13. cxd5 Nxd5 14. Qd2 N7f6 15. Bd3 c5 16. Rac1 Nb4 17. Bb1 Bxf3 18. gxf3 Nbd5 19. dxc5 Rxc5 20. e4 Nf4
21. Qxd6
1-0

[Event "Revisit London 1883"]
[Site "SchemingMind.com"]
[Date "2005.05.24"]
[Round "-"]
[White "willygor"]
[Black "nasmichael"]
[Result "1-0"]
[WhiteCountry "ARG"]
[BlackCountry "USA"]
[WhiteElo "1610"]
[WhiteRD "73"]
[BlackElo "1299"]
[BlackRD "93"]
[GameID "16205"]

1. c4 e6 2. e3 Nf6 3. Nf3 b6 4. Be2 Bb7 5. O-O d5 6. d4 Bd6 7. Nc3 O-O 8. b3 Nbd7 9. Bb2 Qe7 10. Nb5 c6
11. Nxd6 Qxd6 12. Rc1 Rfe8 13. c5 bxc5 14. dxc5 Qc7 15. Qc2 e5 16. Rfd1 e4 17. Ne1 Ne5 18. Qc3 Bc8 19. Nc2 Neg4 20. g3 Re5
21. Bxg4 Nxg4 22. h3 Nf6 23. Qxe5 Qd8 24. Qg5 h6 25. Bxf6 Qxf6 26. Qxf6 gxf6 27. Kg2
1-0

[Event "Revisit London 1883"]
[Site "SchemingMind.com"]
[Date "2005.05.24"]
[Round "-"]
[White "willygor"]
[Black "lame wolf"]
[Result "1-0"]
[WhiteCountry "ARG"]
[BlackCountry "INT"]
[WhiteElo "1639"]
[WhiteRD "74"]
[BlackElo "1046"]
[BlackRD "69"]
[GameID "16206"]

1. c4 e6 2. e3 Nf6 3. Nf3 b6 4. Be2 Bb7 5. O-O d5 6. d4 Bd6 7. Nc3 O-O 8. b3 Nbd7 9. Bb2 Qe7 10. Nb5 Ne4
11. Nxd6 Qxd6 12. Rc1 Ba6 13. c5 bxc5 14. dxc5 Nexc5 15. Ba3 Bxe2 16. Qxe2 Qc6 17. Bxc5 Nxc5 18. b4 Qd6 19. bxc5 Qe7 20. e4 Rfb8
21. exd5 Rb7 22. dxe6 fxe6 23. Rfe1 Rb5 24. Qxb5 a5 25. Qc4 Kh8 26. Rxe6
1-0

[Event "Revisit London 1883"]
[Site "SchemingMind.com"]
[Date "2005.05.24"]
[Round "-"]
[White "willygor"]
[Black "capablanca"]
[Result "0-1"]
[WhiteCountry "ARG"]
[BlackCountry "GER"]
[WhiteElo "1577"]
[WhiteRD "70"]
[BlackElo "1650"]
[BlackRD "67"]
[GameID "16207"]

1. c4 e6 2. e3 Nf6 3. Nf3 b6 4. Be2 Bb7 5. O-O d5 6. d4 Bd6 7. Nc3 O-O 8. b3 Nbd7 9. Bb2 Qe7 10. Nb5 Rfc8
11. Nxd6 cxd6 12. Rc1 dxc4 13. bxc4 Ne4 14. Qd3 Ndf6 15. h3 Ba6 16. Qb3 Rc7 17. Rc2 Rac8 18. Rfc1 d5 19. a4 dxc4 20. Bxc4 Bxc4
21. Rxc4 Rxc4 22. Rxc4 Qe8 23. Qc2 Rxc4 24. Qxc4 Nd5 25. Kf1 Qd7 26. Ne5 Nd2+ 27. Kg1 Nxc4 28. Nxd7 Nxb2 29. Kf1 Nxa4 30. Ke2 b5
31. Kd3 a5 32. g3 f6 33. Kc2 Kf7 34. Kb3 Ke7 35. Nb8 Nb4 36. e4 Kd6
0-1

[Event "Revisit London 1883"]
[Site "SchemingMind.com"]
[Date "2005.05.24"]
[Round "-"]
[White "Austin Lockwood"]
[Black "willygor"]
[Result "1-0"]
[WhiteCountry "ENG"]
[BlackCountry "ARG"]
[WhiteElo "1634"]
[WhiteRD "76"]
[BlackElo "1577"]
[BlackRD "70"]
[GameID "16208"]

1. c4 e6 2. e3 Nf6 3. Nf3 b6 4. Be2 Bb7 5. O-O d5 6. d4 Bd6 7. Nc3 O-O 8. b3 Nbd7 9. Bb2 Qe7 10. cxd5 Nxd5
11. Nb5 N7f6 12. Rc1 a6 13. Nxd6 cxd6 14. a4 Rac8 15. Bc4 Rc7 16. e4 Nf4 17. e5 Ne8 18. Qd2 Ng6 19. Qe3 dxe5 20. dxe5 h6
21. Bd4 b5 22. axb5 axb5 23. Bxb5 Bxf3 24. Qxf3 Rxc1 25. Rxc1 Nh4 26. Qc6 Qg5 27. Be3 Qxe5 28. Bc5 Qg5 29. Bxf8 Nxg2 30. Rc5 f5
31. Qxe6+ Kh8 32. Qxf5 Nh4+ 33. Qxg5
1-0

[Event "Revisit London 1883"]
[Site "SchemingMind.com"]
[Date "2005.05.26"]
[Round "-"]
[White "loco61"]
[Black "willygor"]
[Result "0-1"]
[WhiteCountry "ENG"]
[BlackCountry "ARG"]
[WhiteElo "1488"]
[WhiteRD "68"]
[BlackElo "1577"]
[BlackRD "70"]
[GameID "16209"]

1. c4 e6 2. e3 Nf6 3. Nf3 b6 4. Be2 Bb7 5. O-O d5 6. d4 Bd6 7. Nc3 O-O 8. b3 Nbd7 9. Bb2 Qe7 10. Nb5 c5
11. Nxd6 Qxd6 12. dxc5 bxc5 13. Qc2 e5 14. Rad1 e4 15. Nd2 Rfe8 16. cxd5 Rad8 17. f4 exf3 18. Rxf3 Bxd5 19. Rg3 Qc6 20. Qc3 g6
21. Bf3 Ne5 22. Bxd5 Qxd5 23. Rg5 Ne4 24. Rxe5 Nxc3 25. Rxd5 Nxd5 26. Nc4 Nb6 27. Rxd8 Rxd8 28. Nxb6 Rd1+ 29. Kf2 Rd2+ 30. Kf3 Rxb2
31. Nd7 Rxa2 32. Nxc5 Rc2 33. Ne4 f5 34. Nf6+ Kg7 35. Nd5 Rb2 36. b4 Kf7 37. h3 Ke6 38. Nf4+ Kd6 39. Nd3 Rd2 40. Nc5 Kc6
41. g4 fxg4+ 42. hxg4 Kb5 43. Ne4 Rd8 44. Nf6 Kxb4 45. Nxh7 a5
0-1

[Event "Revisit London 1883"]
[Site "SchemingMind.com"]
[Date "2005.05.25"]
[Round "-"]
[White "nasmichael"]
[Black "willygor"]
[Result "0-1"]
[WhiteCountry "USA"]
[BlackCountry "ARG"]
[WhiteElo "1299"]
[WhiteRD "93"]
[BlackElo "1610"]
[BlackRD "73"]
[GameID "16210"]

1. c4 e6 2. e3 Nf6 3. Nf3 b6 4. Be2 Bb7 5. O-O d5 6. d4 Bd6 7. Nc3 O-O 8. b3 Nbd7 9. Bb2 Qe7 10. cxd5 exd5
11. Nd2 c5 12. f4 Qxe3+ 13. Rf2 cxd4 14. Nf1 Qe7 15. Nb5 Ne4 16. Rf3 Bc5 17. Bd3 Nc3 18. Bxc3 dxc3+ 19. Kh1 d4 20. Rh3 Nf6
21. Qc2 h6 22. Ng3 Bc8 23. Nh5 Bxh3 24. Nxf6+ Qxf6
0-1

[Event "Revisit London 1883"]
[Site "SchemingMind.com"]
[Date "2005.05.24"]
[Round "-"]
[White "lame wolf"]
[Black "willygor"]
[Result "0-1"]
[WhiteCountry "INT"]
[BlackCountry "ARG"]
[WhiteElo "1046"]
[WhiteRD "69"]
[BlackElo "1639"]
[BlackRD "74"]
[GameID "16211"]

1. c4 e6 2. e3 Nf6 3. Nf3 b6 4. Be2 Bb7 5. O-O d5 6. d4 Bd6 7. Nc3 O-O 8. b3 Nbd7 9. Bb2 Qe7 10. Ne5 Nxe5
11. dxe5 Bxe5 12. Bf3 c5 13. e4 dxe4 14. Bxe4 Bxe4 15. Rb1 Bxb1 16. Qxb1 Bd4 17. Ne2 e5 18. Bxd4 exd4 19. Qf5 Qxe2 20. Qf3 Qxf3
21. gxf3 Rfe8
0-1

[Event "Revisit London 1883"]
[Site "SchemingMind.com"]
[Date "2005.05.24"]
[Round "-"]
[White "capablanca"]
[Black "willygor"]
[Result "0-1"]
[WhiteCountry "GER"]
[BlackCountry "ARG"]
[WhiteElo "1539"]
[WhiteRD "94"]
[BlackElo "1639"]
[BlackRD "74"]
[GameID "16212"]

1. c4 e6 2. e3 Nf6 3. Nf3 b6 4. Be2 Bb7 5. O-O d5 6. d4 Bd6 7. Nc3 O-O 8. b3 Nbd7 9. Bb2 Qe7 10. Nb5 c5
11. Nxd6 Qxd6 12. Ba3 Qc7 13. dxc5 bxc5 14. cxd5 exd5 15. Rc1 Qb6 16. Bb2 Rac8 17. Ne5 Rfe8 18. Nxd7 Nxd7 19. Bf3 Nf6 20. Bxf6 Qxf6
21. Qd2 Red8 22. Qa5 Qb6 23. Qxb6 axb6 24. Rfd1 Rd6 25. e4 d4 26. e5 Bxf3 27. exd6 Bxd1 28. Rxd1 Rd8 29. Re1 Kf8 30. Re7 Rxd6
31. Rb7 d3
0-1

[Event "Revisit London 1883"]
[Site "SchemingMind.com"]
[Date "2005.05.24"]
[Round "-"]
[White "neoliminal"]
[Black "Austin Lockwood"]
[Result "0-1"]
[WhiteCountry "CRC"]
[BlackCountry "ENG"]
[WhiteElo "1323"]
[WhiteRD "69"]
[BlackElo "1646"]
[BlackRD "78"]
[GameID "16214"]

1. c4 e6 2. e3 Nf6 3. Nf3 b6 4. Be2 Bb7 5. O-O d5 6. d4 Bd6 7. Nc3 O-O 8. b3 Nbd7 9. Bb2 Qe7 10. Bd3 dxc4
11. bxc4 e5 12. Bc2 exd4 13. exd4 Ng4 14. g3 Rfe8 15. Ne5 Ndxe5 16. dxe5 Nxe5 17. Re1 Nf3+ 18. Kf1 Nxe1 19. Qh5 Nxc2 20. Nd5 Bxd5
21. cxd5 Nxa1
0-1

[Event "Revisit London 1883"]
[Site "SchemingMind.com"]
[Date "2005.05.24"]
[Round "-"]
[White "neoliminal"]
[Black "loco61"]
[Result "1-0"]
[WhiteCountry "CRC"]
[BlackCountry "ENG"]
[WhiteElo "1344"]
[WhiteRD "70"]
[BlackElo "1488"]
[BlackRD "68"]
[GameID "16215"]

1. c4 e6 2. e3 Nf6 3. Nf3 b6 4. Be2 Bb7 5. O-O d5 6. d4 Bd6 7. Nc3 O-O 8. b3 Nbd7 9. Bb2 Qe7 10. Bd3 c5
11. dxc5 Nxc5 12. Bc2 dxc4 13. Ba3 Bxf3 14. Qxf3 Nd3 15. Bxd6 Qxd6 16. Rad1 Qa3 17. Bxd3 cxd3 18. Rxd3 Qc5 19. Ne4 Nxe4 20. Qxe4 a5=
21. g4 h5 22. gxh5 Qxh5 23. Kh1 Rfe8 24. Rg1 f5 25. Qe5 Qf3+ 26. Rg2 Ra7 27. Rd4 Rc8 28. Qxe6+ Kh7 29. Rh4+
1-0

[Event "Revisit London 1883"]
[Site "SchemingMind.com"]
[Date "2005.05.24"]
[Round "-"]
[White "neoliminal"]
[Black "nasmichael"]
[Result "1-0"]
[WhiteCountry "CRC"]
[BlackCountry "USA"]
[WhiteElo "1377"]
[WhiteRD "75"]
[BlackElo "1299"]
[BlackRD "93"]
[GameID "16216"]

1. c4 e6 2. e3 Nf6 3. Nf3 b6 4. Be2 Bb7 5. O-O d5 6. d4 Bd6 7. Nc3 O-O 8. b3 Nbd7 9. Bb2 Qe7 10. Rc1 c6
11. Bd3 e5 12. dxe5 Nxe5 13. Nxe5 Bxe5 14. c5 Qxc5 15. Na4 Qd6 16. g3 Bxb2 17. Nxb2 c5 18. Qf3 Bc6 19. Rfd1 d4 20. Qf4 Qb8
21. exd4 Qxf4 22. gxf4 Bf3 23. Re1 Rae8 24. d5 Bxd5 25. Re5 Rxe5 26. fxe5 Nd7 27. f4
1-0